000 00342nam a2200133Ia 4500
005 20251222155158.0
008 251222s9999||||xx |||||||||||||| ||spa||
082 _aPED.83.1-2
100 _aPickering Baker
245 0 _aRed boock enfermedades infecciosas en Pediatría
250 _a26va. ed.
264 _bMéd. Panamericana
942 _cLIB
999 _c39821
_d39821